A history of Latin America / (Record no. 305399)
[ view plain ]
| 000 -LEADER | |
|---|---|
| fixed length control field | 00967cam a2200289 i 4500 |
| 001 - CONTROL NUMBER | |
| control field | 16934937 |
| 003 - CONTROL NUMBER IDENTIFIER | |
| control field | LC |
| 005 - DATE AND TIME OF LATEST TRANSACTION | |
| control field | 20170131154350.0 |
| 008 - FIXED-LENGTH DATA ELEMENTS--GENERAL INFORMATION | |
| fixed length control field | 110825s2012 mauab 001 0 eng |
| 010 ## - LIBRARY OF CONGRESS CONTROL NUMBER | |
| LC control number | 2011937464 |
| 020 ## - INTERNATIONAL STANDARD BOOK NUMBER | |
| Cancelled/invalid ISBN | 9781133050506 (alk. paper) |
| 020 ## - INTERNATIONAL STANDARD BOOK NUMBER | |
| Cancelled/invalid ISBN | 1133050506 (alk. paper) |
| 040 ## - CATALOGING SOURCE | |
| Original cataloging agency | DLC |
| Language of cataloging | eng |
| Transcribing agency | DLC |
| Description conventions | rda |
| 042 ## - AUTHENTICATION CODE | |
| Authentication code | pcc |
| 043 ## - GEOGRAPHIC AREA CODE | |
| Geographic area code | cl----- |
| 050 00 - LIBRARY OF CONGRESS CALL NUMBER | |
| Classification number | F1408.3 |
| Item number | .K443 2013 |
| 100 1# - MAIN ENTRY--PERSONAL NAME | |
| Personal name | Keen, Benjamin, |
| Dates associated with a name | 1913- |
| 245 12 - TITLE STATEMENT | |
| Title | A history of Latin America / |
| Statement of responsibility, etc | Benjamin Keen, Keith Haynes, The College of Saint Rose. |
| Remainder of title | Volume 1: Ancient America to 1910 |
| 250 ## - EDITION STATEMENT | |
| Edition statement | Ninth edition. |
| 300 ## - PHYSICAL DESCRIPTION | |
| Extent | xxiv, 608, I-24 pages : |
| Other physical details | illustrations, maps ; |
| Dimensions | 23 cm |
| 500 ## - GENERAL NOTE | |
| General note | Includes index. |
| 651 #0 - SUBJECT ADDED ENTRY--GEOGRAPHIC NAME | |
| Geographic name | Latin America |
| General subdivision | Civilization. |
| 700 1# - ADDED ENTRY--PERSONAL NAME | |
| Personal name | Haynes, Keith |
| Fuller form of name | (Keith A.) |
| 906 ## - LOCAL DATA ELEMENT F, LDF (RLIN) | |
| a | 7 |
| b | cbc |
| c | orignew |
| d | 3 |
| e | epcn |
| f | 20 |
| g | y-gencatlg |
| 942 ## - ADDED ENTRY ELEMENTS (KOHA) | |
| Source of classification or shelving scheme | Library of Congress Classification |
| Koha item type | Books |
| Withdrawn status | Lost status | Source of classification or shelving scheme | Damaged status | Home library | Current library | Shelving location | Date acquired | Source of acquisition | Total Checkouts | Full call number | Barcode | Date last seen | Price effective from | Koha item type |
|---|---|---|---|---|---|---|---|---|---|---|---|---|---|---|
| Library of Congress Classification | Luxembourg Library | Luxembourg Library | Teachers Reference Section | 01/31/2017 | Library Fund | F 1408.3 .K443 2013 | 20353 | 01/31/2017 | 01/31/2017 | Books |